00905cam a2200277 a 45000010005000000030006000050050017000110080041000280100017000690200043000860200018001290400023001470500018001700820011001881000025001992450038002242500041002622600034003033000040003375050007003775200155003845210018005395210018005576500027005756500025006026032FISKH20250226082914.0060327s2007 flua c 000 1 eng  a 2006009244 a9780152057770 (hardcover : alk. paper) a9780545086110 aDLCcDLCdDLCbeng aPZ7.B671943 M a 813.61 aBowe, Julied(1962-)10aMy last best friend /cJulie Bowe aThis edition first published in 2008 aOrlando :bScholastic,c2007. a146 pages :billustrations ;c2o cm aR  aAfter her best friend moves away, fourth-grader Ida May is determined not to make another best friend, despite the efforts of a new girl in her class.8 a660 bLexile 8 aR bRaz-Plus  1aBest friendsvFiction. 1aFriendshipvFiction.